000 00266nam a2200109 a 4500
005 20140414093832.0
008 970110s19uu xx 00 eng d
050 _aVHS 700
_bOR 26
245 _aHRW Videocassette Art Works Level 3.
942 _cAVM
999 _c108808
_d108808